| 000 | 00594nam a2200169Ia 4500 | ||
|---|---|---|---|
| 008 | 100122s9999 xx 000 0 und d | ||
| 082 |
_b69142 _a823.08 |
||
| 100 | _aभावे उर्मिला | ||
| 245 | _aसत्य कथेचे गूढ वलय | ||
| 260 |
_bनिशिगंधा प्रकाशन _c2006 |
||
| 300 | _a184 | ||
| 520 | _aगूढ सत्य कथा | ||
| 620 | _aगूढ सत्य कथा | ||
| 630 | _aसत्य कथेचे गूढ वलय | ||
| 730 | _aसत्य कथेचे गूढ वलय | ||
| 942 | _cBOOK | ||
| 999 |
_c440593 _d440590 |
||